000 00667nam a2200229Ia 4500
003 OSt
005 20220926013819.0
006 a|||||r|||| 00| 0
007 ta
008 220923b |||||||| |||| 00| 0 eng d
037 _cGeneral Book
040 _aRTL
_cRTL
_beng
041 _2eng
_aeng
082 _aX:(B2893), M5
100 _aGass Saul I
_9129579
245 0 _aDecision making
_b Models and algorithms A first co
260 _aNew York
_bJohn Wiley U S A
_c1985
300 _axvi, 412p. Bib p400-06
_ccm.
650 _aOperations Research Economics
942 _hX:(B2893), M5
_cGB
_2CC
999 _c626917
_d626917